000 00724nam a22002417a 4500
003 PE SENCICO BE
005 20251020182634.0
008 230330b |||||||| |||| 00| 0 eng d
020 _a9788415223542
040 _aPE SENCICO BE
_cPE SENCICO BE
041 _aeng
082 _a720.47
_bI5E
110 1 _9238
_aInstituto Monsa de Ediciones
245 1 _aEco remodeling green architecture /
_cInstituto Monsa de Ediciones
250 _a[1 ed.]
260 _aBarcelona :
_bMonsa,
_c2012
300 _a[128] p. :
_bil. col. lams.,
_c29 cm.
650 1 4 _9806
_aArquitectura ecológica
650 2 4 _9370
_aArquitectura de viviendas
650 2 4 _9844
_aViviendas ecológicas
910 _bhfp
_chfp
942 _2ddc
_cLIB
999 _c4083
_d4083